[Event "2016 South Wales International"]
[Site "Cardiff"]
[Date "2016.07.10"]
[Round "6"]
[Board "24"]
[White "Lutchman Singh, Karanvir"]
[Black "Lutchman Singh, Aishwarya"]
[Result "1-0"]
[WhiteElo "1716"]
[BlackElo "1443"]
[PlyCount "59"]
[EventDate "2016.07.07"]
[EventRounds "10"]
[EventCountry "WLS"]

1. e4 e5 2. Nf3 Nc6 3. Bb5 a6 4. Ba4 Bc5 5. O-O b5 6. Bb3 d6 7. h3 Nge7 8. Re1
O-O 9. c3 Ng6 10. d3 Nf4 11. Bxf4 exf4 12. d4 Ba7 13. a4 Qf6 14. axb5 axb5 15.
Bd5 Bb7 16. Qb3 Nd8 17. Qxb5 c6 18. Bxc6 Bxc6 19. Qc4 Re8 20. Nbd2 Bb6 21. e5
dxe5 22. Nxe5 Bb7 23. Rxa8 Bxa8 24. Qb5 Re7 25. Ndc4 Qg5 26. d5 Bxf2+ 27. Kxf2
Qg3+ 28. Kf1 f6 29. Nf3 Rxe1+ 30. Nxe1 1-0

[Event "2016 South Wales International"]
[Site "Cardiff"]
[Date "2016.07.10"]
[Round "6"]
[Board "25"]
[White "Chung, Ethan Cheung Jing"]
[Black "Rovaretti, David"]
[Result "0-1"]
[WhiteElo "1322"]
[BlackElo "1635"]
[PlyCount "76"]
[EventDate "2016.07.07"]
[EventRounds "10"]
[EventCountry "WLS"]

1. e4 b6 2. d4 Bb7 3. Nc3 e6 4. Bd3 Nf6 5. Bg5 h6 6. Bh4 Be7 7. Nf3 d6 8. Qd2
Nbd7 9. O-O-O a6 10. e5 Nd5 11. Bxe7 Qxe7 12. exd6 cxd6 13. Nxd5 Bxd5 14. a3 b5
15. Rhe1 O-O 16. Be4 Bxe4 17. Rxe4 d5 18. Re2 Nb6 19. c3 Nc4 20. Qc2 Rfc8 21.
Ne5 a5 22. Nxc4 Rxc4 23. g4 b4 24. a4 bxc3 25. bxc3 Qa3+ 26. Kd2 Rac8 27. Re3
Qxa4 28. Qxa4 Rxa4 29. Ree1 Ra2+ 30. Kd3 Rxf2 31. Re2 Rf3+ 32. Re3 Rxe3+ 33.
Kxe3 Rxc3+ 34. Rd3 Rxd3+ 35. Kxd3 f5 36. h3 f4 37. Ke2 a4 38. Kf3 g5 0-1

[Event "2016 South Wales International"]
[Site "Cardiff"]
[Date "2016.07.10"]
[Round "6"]
[Board "26"]
[White "Chapman, Dafydd"]
[Black "Calist, Aron"]
[Result "1-0"]
[WhiteElo "1392"]
[BlackElo "1500"]
[PlyCount "71"]
[EventDate "2016.07.07"]
[EventRounds "10"]
[EventCountry "WLS"]

1. e4 c5 2. Nf3 Nc6 3. d4 cxd4 4. Nxd4 g6 5. Nc3 Bg7 6. Be3 Nf6 7. f3 O-O 8.
Qd2 d6 9. Bc4 a6 10. O-O-O Bd7 11. h4 b5 12. Bb3 Qa5 13. Nde2 Ne5 14. Bh6 Nc4
15. Bxc4 bxc4 16. g4 Rab8 17. h5 Qb4 18. b3 cxb3 19. cxb3 Rfc8 20. Bxg7 Kxg7
21. hxg6 fxg6 22. Qh6+ Kg8 23. Kb2 Be6 24. Nd5 Bxd5 25. exd5 Qc4 26. Rd2 a5 27.
g5 Rxb3+ 28. axb3 Rb8 29. Nd4 a4 30. gxf6 Rxb3+ 31. Nxb3 Qxb3+ 32. Kc1 Qc3+ 33.
Rc2 Qa1+ 34. Kd2 Qd4+ 35. Ke2 Qe5+ 36. Qe3 1-0

[Event "2016 South Wales International"]
[Site "Cardiff"]
[Date "2016.07.11"]
[Round "7"]
[Board "1"]
[White "Gretarsson, Hjorvar Steinn"]
[Black "Petrov, Marian"]
[Result "1-0"]
[WhiteElo "2550"]
[BlackElo "2461"]
[PlyCount "0"]
[EventDate "2016.07.07"]
[EventRounds "10"]
[EventCountry "WLS"]

1. d4 {[%clk 1:28:05]} c5 {[%clk 1:30:33]} 2. d5 {[%clk 1:28:04]} g6
{[%clk 1:30:55]} 3. c4 {[%clk 1:28:06]} Bg7 {[%clk 1:31:20]} 4. Nc3
{[%clk 1:28:05]} d6 {[%clk 1:31:18]} 5. e4 {[%clk 1:28:00]} e6 {[%clk 1:31:07]}
6. Bd3 {[%clk 1:27:45]} Nf6 {[%clk 1:31:24]} 7. h3 {[%clk 1:27:37]} O-O
{[%clk 1:31:46]} 8. Nf3 {[%clk 1:25:07]} Na6 {[%clk 1:14:29]} 9. Be3 Nc7
{[%clk 1:14:27]} 10. a4 {[%clk 1:20:15]} e5 {[%clk 1:09:24]} 11. Qd2 Na6 12. g4
{[%clk 1:09:08]} Nb4 {[%clk 1:09:21]} 13. Bb1 Kh8 {[%clk 0:59:04]} 14. Ne2
{[%clk 1:01:27]} Bd7 {[%clk 0:47:50]} 15. Ng3 {[%clk 0:59:09]} Qe8
{[%clk 0:43:46]} 16. Ra3 {[%clk 0:56:04]} Ng8 {[%clk 0:41:53]} 17. Nh4
{[%clk 0:44:30]} Bxa4 {[%clk 0:36:02]} 18. f4 {[%clk 0:32:50]} exf4
{[%clk 0:30:25]} 19. Bxf4 {[%clk 0:33:09]} Be5 {[%clk 0:29:21]} 20. Nf3
{[%clk 0:25:04]} f6 {[%clk 0:25:49]} 21. g5 {[%clk 0:18:34]} Bxf4
{[%clk 0:19:19]} 22. Qxf4 {[%clk 0:18:57]} Bc2 {[%clk 0:19:06]} 23. O-O
{[%clk 0:18:07]} Qe7 {[%clk 0:16:59]} 24. Bxc2 {[%clk 0:17:35]} Nxc2
{[%clk 0:17:23]} 25. Rc3 {[%clk 0:17:31]} fxg5 {[%clk 0:12:55]} 26. Qd2
{[%clk 0:15:41]} Nb4 {[%clk 0:09:08]} 27. Re3 {[%clk 0:15:41]} Rf4
{[%clk 0:06:44]} 28. e5 {[%clk 0:13:11]} Raf8 {[%clk 0:05:17]} 29. exd6 Qg7 30.
Nxg5 {[%clk 0:11:44]} Rxf1+ {[%clk 0:03:46]} 31. Nxf1 {[%clk 0:11:55]} Qd4
{[%clk 0:01:57]} 32. Qxd4+ {[%clk 0:11:43]} cxd4 33. Rb3 {[%clk 0:10:57]} a5
{[%clk 0:01:50]} 34. d7 {[%clk 0:11:18]} 1-0

[Event "2016 South Wales International"]
[Site "Cardiff"]
[Date "2016.07.11"]
[Round "7"]
[Board "2"]
[White "Webb, Laurence E"]
[Black "Chatalbashev, Boris"]
[Result "0-1"]
[WhiteElo "2286"]
[BlackElo "2545"]
[PlyCount "0"]
[EventDate "2016.07.07"]
[EventRounds "10"]
[EventCountry "WLS"]

1. d4 {[%clk 1:30:56]} Nf6 {[%clk 1:30:54]} 2. Nf3 {[%clk 1:30:34]} g6
{[%clk 1:31:06]} 3. c4 {[%clk 1:30:21]} Bg7 {[%clk 1:31:30]} 4. Nc3
{[%clk 1:30:41]} O-O {[%clk 1:28:02]} 5. Bg5 {[%clk 1:28:41]} c5 {[%clk 1:28:26]}
6. d5 {[%clk 1:28:57]} b5 {[%clk 1:24:32]} 7. cxb5 {[%clk 1:26:48]} a6
{[%clk 1:24:31]} 8. bxa6 {[%clk 1:24:34]} Bxa6 {[%clk 1:24:51]} 9. e4
{[%clk 1:22:27]} Bxf1 {[%clk 1:23:50]} 10. Kxf1 {[%clk 1:22:52]} d6
{[%clk 1:23:28]} 11. g3 {[%clk 1:20:41]} Qb6 {[%clk 1:21:44]} 12. Qd2
{[%clk 1:19:03]} h6 {[%clk 1:02:41]} 13. Bf4 {[%clk 1:05:28]} g5 {[%clk 1:00:12]}
14. Be3 {[%clk 1:04:58]} Ng4 {[%clk 1:00:10]} 15. Rb1 {[%clk 0:57:37]} f5
{[%clk 0:58:42]} 16. Kg2 {[%clk 0:50:43]} fxe4 {[%clk 0:48:24]} 17. Nxe4
{[%clk 0:50:05]} Rxa2 {[%clk 0:47:59]} 18. h4 {[%clk 0:39:15]} Qb4
{[%clk 0:36:48]} 19. Qxb4 {[%clk 0:30:16]} Nxe3+ {[%clk 0:36:11]} 20. fxe3
{[%clk 0:30:38]} cxb4 {[%clk 0:36:37]} 21. Nd4 {[%clk 0:28:04]} Bxd4
{[%clk 0:33:32]} 22. exd4 {[%clk 0:28:22]} g4 {[%clk 0:27:19]} 23. Nf2
{[%clk 0:20:24]} h5 {[%clk 0:25:00]} 24. Nd3 {[%clk 0:20:29]} Na6
{[%clk 0:24:49]} 25. Rhc1 {[%clk 0:13:28]} Rf3 {[%clk 0:20:42]} 26. Nf4
{[%clk 0:13:36]} Rc3 {[%clk 0:20:41]} 27. Rf1 {[%clk 0:11:28]} Rc2+
{[%clk 0:18:23]} 28. Rf2 {[%clk 0:11:37]} b3 {[%clk 0:17:39]} 29. Nxh5
{[%clk 0:11:32]} Nc7 {[%clk 0:17:48]} 30. Nf4 {[%clk 0:10:38]} Nb5
{[%clk 0:17:54]} 31. Nd3 {[%clk 0:06:52]} Ra4 {[%clk 0:14:50]} 32. Re1
{[%clk 0:05:35]} Rxd4 {[%clk 0:13:20]} 33. Nf4 {[%clk 0:05:26]} Rdd2
{[%clk 0:06:58]} 34. Ree2 {[%clk 0:05:46]} Rxe2 {[%clk 0:07:00]} 35. Rxe2
{[%clk 0:06:01]} Nc3 {[%clk 0:06:02]} 36. Rf2 {[%clk 0:01:29]} Nd1
{[%clk 0:03:22]} 37. Rxc2 {[%clk 0:00:40]} bxc2 {[%clk 0:03:46]} 38. Nd3
{[%clk 0:00:46]} Nxb2 {[%clk 0:03:48]} 39. Nc1 {[%clk 0:01:08]} Nd1
{[%clk 0:03:28]} 40. Kf1 {[%clk 0:00:38]} Nc3 {[%clk 0:01:35]} 41. Ke1
{[%clk 0:00:38]} Ne4 {[%clk 0:01:21]} 42. Nd3 {[%clk 0:27:15]} Kg7
{[%clk 0:30:40]} 43. Ke2 {[%clk 0:26:12]} Kf6 {[%clk 0:26:56]} 44. Ke3
{[%clk 0:25:26]} Nxg3 {[%clk 0:27:09]} 45. Kd2 {[%clk 0:25:27]} Nf5
{[%clk 0:27:05]} 46. Kxc2 {[%clk 0:24:49]} Nxh4 {[%clk 0:24:14]} 47. Kd2
{[%clk 0:24:57]} Kf5 {[%clk 0:24:24]} 48. Ke2 {[%clk 0:23:05]} g3
{[%clk 0:22:11]} 49. Nb4 {[%clk 0:20:40]} Ke4 {[%clk 0:21:42]} 50. Kf1
{[%clk 0:19:33]} Kf3 {[%clk 0:21:44]} 51. Kg1 {[%clk 0:19:11]} Ng6
{[%clk 0:21:24]} 52. Nc2 {[%clk 0:18:43]} Nf4 {[%clk 0:21:34]} 53. Nd4+
{[%clk 0:18:33]} Kg4 {[%clk 0:21:53]} 54. Nc6 {[%clk 0:18:40]} Nxd5
{[%clk 0:22:07]} 0-1

[Event "2016 South Wales International"]
[Site "Cardiff"]
[Date "2016.07.11"]
[Round "7"]
[Board "3"]
[White "Wells, Peter K"]
[Black "Arkell, Keith C"]
[Result "1/2-1/2"]
[WhiteElo "2419"]
[BlackElo "2455"]
[PlyCount "0"]
[EventDate "2016.07.07"]
[EventRounds "10"]
[EventCountry "WLS"]

1. d4 {[%clk 1:19:16]} d5 {[%clk 1:29:52]} 2. c4 {[%clk 1:18:37]} c6
{[%clk 1:30:19]} 3. Nf3 {[%clk 1:14:23]} Nf6 {[%clk 1:30:45]} 4. Nc3
{[%clk 1:14:49]} g6 {[%clk 1:30:58]} 5. Bf4 {[%clk 1:11:48]} Bg7 {[%clk 1:31:23]}
6. e3 {[%clk 1:12:07]} O-O {[%clk 1:31:48]} 7. Be2 {[%clk 1:11:14]} Bg4
{[%clk 1:32:11]} 8. O-O {[%clk 1:04:38]} Bxf3 {[%clk 1:32:31]} 9. Bxf3
{[%clk 1:05:05]} dxc4 {[%clk 1:32:56]} 10. Qe2 {[%clk 0:49:01]} Nd5
{[%clk 1:32:29]} 11. Bxb8 {[%clk 0:41:11]} Rxb8 {[%clk 1:32:40]} 1/2-1/2

[Event "2016 South Wales International"]
[Site "Cardiff"]
[Date "2016.07.11"]
[Round "7"]
[Board "4"]
[White "Byron, Alan M"]
[Black "L'ami, Alina"]
[Result "0-1"]
[WhiteElo "2136"]
[BlackElo "2339"]
[PlyCount "0"]
[EventDate "2016.07.07"]
[EventRounds "10"]
[EventCountry "WLS"]

1. e4 {[%clk 1:27:37]} c5 {[%clk 1:29:55]} 2. Nf3 {[%clk 1:27:49]} d6
{[%clk 1:30:19]} 3. d4 {[%clk 1:28:05]} cxd4 {[%clk 1:30:44]} 4. Nxd4
{[%clk 1:28:27]} Nf6 {[%clk 1:31:10]} 5. Nc3 {[%clk 1:28:46]} a6 {[%clk 1:31:36]}
6. Bg5 {[%clk 1:28:42]} e6 {[%clk 1:30:55]} 7. f4 {[%clk 1:28:59]} Be7
{[%clk 1:30:58]} 8. Qf3 {[%clk 1:28:55]} Qc7 {[%clk 1:30:15]} 9. O-O-O
{[%clk 1:28:45]} Nbd7 {[%clk 1:29:52]} 10. Kb1 {[%clk 1:26:22]} b5
{[%clk 1:29:08]} 11. g4 {[%clk 1:17:10]} b4 {[%clk 1:13:20]} 12. Na4
{[%clk 1:15:32]} Bb7 {[%clk 1:05:50]} 13. Bd3 {[%clk 1:13:34]} Nc5
{[%clk 1:03:49]} 14. Bxf6 {[%clk 0:59:03]} Bxf6 {[%clk 1:03:33]} 15. Nxc5
{[%clk 0:55:27]} dxc5 {[%clk 1:03:33]} 16. Nxe6 {[%clk 0:54:28]} fxe6
{[%clk 1:03:43]} 17. Bc4 {[%clk 0:47:18]} O-O {[%clk 0:53:07]} 18. Bxe6+
{[%clk 0:45:35]} Kh8 {[%clk 0:53:34]} 19. Rd7 {[%clk 0:42:28]} Qc6
{[%clk 0:53:08]} 20. Bf5 {[%clk 0:42:04]} Bc8 {[%clk 0:48:58]} 21. Qh3
{[%clk 0:38:18]} h6 {[%clk 0:49:10]} 22. g5 {[%clk 0:34:02]} Bxd7
{[%clk 0:48:03]} 23. gxf6 {[%clk 0:25:31]} Bxf5 {[%clk 0:48:02]} 24. fxg7+
{[%clk 0:25:30]} Kxg7 {[%clk 0:48:21]} 25. Rg1+ {[%clk 0:25:49]} Kh7
{[%clk 0:47:01]} 26. exf5 {[%clk 0:25:51]} Rg8 {[%clk 0:47:10]} 27. Rd1
{[%clk 0:25:34]} Rad8 {[%clk 0:46:52]} 28. Re1 {[%clk 0:25:59]} Qe4
{[%clk 0:44:40]} 29. Qh4 {[%clk 0:25:06]} Rd2 {[%clk 0:43:50]} 0-1

[Event "2016 South Wales International"]
[Site "Cardiff"]
[Date "2016.07.11"]
[Round "7"]
[Board "5"]
[White "Nielsen, Lars Aaes"]
[Black "Whitehead, Mark A"]
[Result "1-0"]
[WhiteElo "2234"]
[BlackElo "1969"]
[PlyCount "0"]
[EventDate "2016.07.07"]
[EventRounds "10"]
[EventCountry "WLS"]

1. e4 {[%clk 1:30:58]} c5 {[%clk 1:11:28]} 2. c3 {[%clk 1:31:23]} b6
{[%clk 1:11:36]} 3. d4 {[%clk 1:31:42]} Bb7 {[%clk 1:11:57]} 4. Bd3
{[%clk 1:30:58]} Nf6 {[%clk 1:12:02]} 5. f3 {[%clk 1:29:33]} cxd4
{[%clk 1:07:07]} 6. cxd4 {[%clk 1:29:46]} Nc6 {[%clk 1:07:29]} 7. Ne2
{[%clk 1:27:04]} g6 {[%clk 0:58:41]} 8. Nbc3 {[%clk 1:26:42]} Bg7
{[%clk 0:58:46]} 9. O-O {[%clk 1:26:09]} d6 {[%clk 0:54:45]} 10. a3
{[%clk 1:24:09]} O-O {[%clk 0:53:26]} 11. b4 {[%clk 1:22:10]} Nd7
{[%clk 0:50:49]} 12. Be3 {[%clk 1:18:26]} e6 {[%clk 0:45:23]} 13. Qb3
{[%clk 1:14:50]} e5 {[%clk 0:36:34]} 14. d5 {[%clk 1:14:30]} Ne7 {[%clk 0:35:19]}
15. Nb5 {[%clk 1:14:32]} Nf6 {[%clk 0:35:40]} 16. Rac1 {[%clk 1:14:40]} a6
{[%clk 0:35:47]} 17. Nc7 {[%clk 1:14:31]} Nd7 {[%clk 0:32:28]} 18. Nxa8
{[%clk 1:14:31]} Qxa8 {[%clk 0:31:27]} 19. Rc7 {[%clk 1:14:17]} Rd8
{[%clk 0:28:15]} 20. Rfc1 {[%clk 1:12:58]} Kf8 {[%clk 0:26:50]} 21. R7c2
{[%clk 1:03:47]} f5 {[%clk 0:23:23]} 22. Nc3 {[%clk 1:03:36]} f4 {[%clk 0:22:03]}
23. Bf2 {[%clk 1:03:57]} g5 {[%clk 0:21:46]} 24. Na4 {[%clk 1:03:59]} Nc8
{[%clk 0:21:28]} 25. Qc3 {[%clk 1:01:57]} Ke7 {[%clk 0:15:22]} 26. Qc7
{[%clk 1:01:17]} b5 {[%clk 0:14:57]} 27. Nc5 {[%clk 0:52:24]} dxc5
{[%clk 0:13:48]} 28. bxc5 {[%clk 0:52:12]} Qb8 {[%clk 0:11:03]} 29. d6+
{[%clk 0:47:06]} Nxd6 {[%clk 0:05:31]} 30. cxd6+ {[%clk 0:47:14]} Ke6
{[%clk 0:05:24]} 31. Qxb8 {[%clk 0:43:40]} Rxb8 {[%clk 0:05:37]} 32. Rc7
{[%clk 0:43:14]} Kxd6 {[%clk 0:05:37]} 33. Ba7 {[%clk 0:43:22]} 1-0

[Event "2016 South Wales International"]
[Site "Cardiff"]
[Date "2016.07.11"]
[Round "7"]
[Board "6"]
[White "Marusenko, Petr"]
[Black "Ralphs, Nigel"]
[Result "1-0"]
[WhiteElo "2226"]
[BlackElo "2000"]
[PlyCount "0"]
[EventDate "2016.07.07"]
[EventRounds "10"]
[EventCountry "WLS"]

1. c4 {[%clk 1:28:54]} e5 {[%clk 1:30:56]} 2. g3 {[%clk 1:29:15]} Nf6
{[%clk 1:31:09]} 3. Bg2 {[%clk 1:29:40]} d5 {[%clk 1:29:50]} 4. cxd5
{[%clk 1:30:00]} Nxd5 {[%clk 1:30:18]} 5. Nc3 {[%clk 1:30:21]} Nb6
{[%clk 1:30:40]} 6. Nf3 {[%clk 1:30:10]} Nc6 {[%clk 1:31:05]} 7. a3
{[%clk 1:30:36]} Be7 {[%clk 1:26:05]} 8. b4 {[%clk 1:30:43]} Be6 {[%clk 1:17:31]}
9. d3 {[%clk 1:28:25]} O-O {[%clk 1:04:11]} 10. O-O {[%clk 1:28:24]} f6
{[%clk 1:00:29]} 11. Bb2 {[%clk 1:27:29]} Qd7 {[%clk 0:57:27]} 12. Rc1
{[%clk 1:25:43]} a5 {[%clk 0:39:07]} 13. b5 {[%clk 1:18:10]} Nd4 {[%clk 0:37:16]}
14. Nxd4 {[%clk 1:17:55]} exd4 {[%clk 0:37:44]} 15. Ne4 {[%clk 1:18:12]} Qxb5
{[%clk 0:35:24]} 16. Bxd4 {[%clk 1:18:12]} Bb3 {[%clk 0:30:32]} 17. Nc3
{[%clk 1:14:35]} Bxd1 {[%clk 0:26:03]} 18. Nxb5 {[%clk 1:13:20]} Bxe2
{[%clk 0:18:31]} 19. Rfe1 {[%clk 1:12:06]} Bxd3 {[%clk 0:18:52]} 20. Nxc7
{[%clk 1:01:05]} Bxa3 {[%clk 0:18:00]} 21. Ra1 {[%clk 1:01:27]} Bb4
{[%clk 0:16:36]} 22. Nxa8 {[%clk 1:01:14]} Nxa8 {[%clk 0:14:08]} 23. Rec1
{[%clk 0:59:31]} b5 {[%clk 0:12:40]} 24. Bc5 {[%clk 0:58:38]} Bxc5
{[%clk 0:07:52]} 25. Rxc5 {[%clk 0:58:59]} a4 {[%clk 0:07:42]} 26. Bd5+
{[%clk 0:58:32]} Kh8 {[%clk 0:08:06]} 27. Rd1 {[%clk 0:58:51]} Be2
{[%clk 0:02:54]} 28. Re1 {[%clk 0:56:59]} Bd3 {[%clk 0:01:53]} 29. Re3
{[%clk 0:57:18]} Bg6 {[%clk 0:02:09]} 30. Bc6 {[%clk 0:55:01]} Rc8
{[%clk 0:02:12]} 31. Rec3 {[%clk 0:55:30]} b4 {[%clk 0:01:23]} 32. Bxa8
{[%clk 0:55:46]} Rxc5 {[%clk 0:01:03]} 33. Rxc5 {[%clk 0:56:13]} h5
{[%clk 0:01:25]} 34. Bc6 {[%clk 0:48:02]} b3 {[%clk 0:01:18]} 35. Rb5
{[%clk 0:48:27]} Bc2 {[%clk 0:00:49]} 36. Rb8+ {[%clk 0:48:30]} Kh7
{[%clk 0:01:02]} 37. Bxa4 {[%clk 0:48:55]} 1-0

[Event "2016 South Wales International"]
[Site "Cardiff"]
[Date "2016.07.11"]
[Round "7"]
[Board "7"]
[White "Martin, Lewis"]
[Black "Rudd, Jack"]
[Result "1-0"]
[WhiteElo "2053"]
[BlackElo "2213"]
[PlyCount "0"]
[EventDate "2016.07.07"]
[EventRounds "10"]
[EventCountry "WLS"]

1. e4 {[%clk 1:30:57]} e5 {[%clk 1:30:55]} 2. Nf3 {[%clk 1:31:23]} Nc6
{[%clk 1:31:19]} 3. Bb5 {[%clk 1:31:49]} Nf6 {[%clk 1:31:42]} 4. d3
{[%clk 1:32:14]} Bc5 {[%clk 1:32:04]} 5. c3 {[%clk 1:32:33]} Qe7 {[%clk 1:32:19]}
6. O-O {[%clk 1:31:39]} a6 {[%clk 1:32:24]} 7. Ba4 {[%clk 1:31:00]} b5
{[%clk 1:32:05]} 8. Bb3 {[%clk 1:27:07]} d6 {[%clk 1:31:41]} 9. a4
{[%clk 1:23:26]} Bb7 {[%clk 1:31:44]} 10. axb5 {[%clk 1:23:47]} axb5
{[%clk 1:32:07]} 11. Rxa8+ {[%clk 1:24:13]} Bxa8 {[%clk 1:32:29]} 12. d4
{[%clk 1:22:35]} Bb6 {[%clk 1:32:34]} 13. Bd5 {[%clk 1:19:00]} O-O
{[%clk 1:32:37]} 14. Re1 {[%clk 1:15:55]} exd4 {[%clk 1:27:03]} 15. Bg5
{[%clk 1:10:42]} h6 {[%clk 1:25:32]} 16. Bh4 {[%clk 1:04:29]} dxc3
{[%clk 1:22:44]} 17. Nxc3 {[%clk 1:04:39]} Ne5 {[%clk 1:22:59]} 18. Bxa8
{[%clk 1:01:59]} Rxa8 {[%clk 1:23:20]} 19. Nd5 {[%clk 1:02:23]} Qe6
{[%clk 1:23:36]} 20. Bxf6 {[%clk 0:58:55]} gxf6 {[%clk 1:23:52]} 21. Nd4
{[%clk 0:58:56]} Bxd4 {[%clk 1:23:19]} 22. Nxc7 {[%clk 0:58:34]} Qg4
{[%clk 1:23:17]} 23. Nxa8 {[%clk 0:58:12]} Bxb2 {[%clk 1:20:57]} 24. Qxg4+
{[%clk 0:55:14]} Nxg4 {[%clk 1:21:16]} 25. h3 {[%clk 0:55:30]} Ne5
{[%clk 1:21:39]} 26. Nc7 {[%clk 0:55:50]} b4 {[%clk 1:21:50]} 27. Nd5
{[%clk 0:55:49]} Ba3 {[%clk 1:19:57]} 28. Rb1 {[%clk 0:54:37]} Nd3
{[%clk 1:19:53]} 29. Kf1 {[%clk 0:53:23]} Nc5 {[%clk 1:19:31]} 30. Nxb4
{[%clk 0:43:06]} Nxe4 {[%clk 1:19:50]} 31. Ke1 {[%clk 0:43:26]} Kg7
{[%clk 1:19:26]} 32. f3 {[%clk 0:39:11]} Ng3 {[%clk 1:19:13]} 33. Kd2
{[%clk 0:39:24]} f5 {[%clk 1:17:55]} 34. Rb3 {[%clk 0:39:33]} Bxb4+
{[%clk 1:18:17]} 35. Rxb4 {[%clk 0:39:59]} Kf6 {[%clk 1:18:34]} 36. Ke3
{[%clk 0:38:56]} Ke5 {[%clk 1:18:48]} 37. f4+ {[%clk 0:38:21]} Kf6
{[%clk 1:18:46]} 38. Kf3 {[%clk 0:37:55]} Ne4 {[%clk 1:18:51]} 39. g4
{[%clk 0:37:57]} Nc5 {[%clk 1:17:36]} 40. Rd4 {[%clk 0:32:09]} fxg4+
{[%clk 1:17:44]} 41. Kxg4 {[%clk 0:31:48]} Kg7 {[%clk 1:17:46]} 42. Rxd6
{[%clk 0:31:51]} Ne4 {[%clk 1:18:08]} 43. Ra6 {[%clk 0:31:38]} Nf6+
{[%clk 1:18:07]} 44. Kf5 {[%clk 0:31:26]} Nd7 {[%clk 1:17:00]} 45. Ra1
{[%clk 0:30:38]} Nc5 {[%clk 1:16:04]} 46. Rg1+ {[%clk 0:30:30]} Kf8
{[%clk 1:16:27]} 47. Rc1 {[%clk 0:30:43]} Nd7 {[%clk 1:16:45]} 48. Rc7
{[%clk 0:30:06]} Ke7 {[%clk 1:17:10]} 49. Rxd7+ {[%clk 0:29:55]} Kxd7
{[%clk 1:17:32]} 50. Kf6 {[%clk 0:30:22]} Ke8 {[%clk 1:17:51]} 51. Kg7
{[%clk 0:30:48]} h5 {[%clk 1:18:13]} 52. f5 {[%clk 0:30:16]} Ke7 {[%clk 1:18:37]}
53. h4 {[%clk 0:30:37]} 1-0

[Event "2016 South Wales International"]
[Site "Cardiff"]
[Date "2016.07.11"]
[Round "7"]
[Board "8"]
[White "Mccarthy, Damian"]
[Black "Braun, Walter"]
[Result "0-1"]
[WhiteElo "1878"]
[BlackElo "2207"]
[PlyCount "0"]
[EventDate "2016.07.07"]
[EventRounds "10"]
[EventCountry "WLS"]

1. d4 {[%clk 1:29:25]} d5 {[%clk 1:30:55]} 2. Nf3 {[%clk 1:29:24]} c5
{[%clk 1:31:16]} 3. c3 {[%clk 1:28:36]} Nc6 {[%clk 1:30:02]} 4. e3
{[%clk 1:28:32]} Bg4 {[%clk 1:30:23]} 5. Nbd2 {[%clk 1:26:47]} e6
{[%clk 1:29:50]} 6. Bd3 {[%clk 1:24:02]} Nf6 {[%clk 1:30:06]} 7. O-O
{[%clk 1:22:47]} Bd6 {[%clk 1:29:33]} 8. Qa4 {[%clk 1:17:42]} c4 {[%clk 1:27:43]}
9. Bb1 {[%clk 1:14:55]} a6 {[%clk 1:27:47]} 10. Ne5 {[%clk 1:12:15]} Bxe5
{[%clk 1:27:48]} 11. dxe5 {[%clk 1:10:58]} b5 {[%clk 1:28:09]} 12. Qc2
{[%clk 1:11:24]} Nxe5 {[%clk 1:28:30]} 13. Re1 {[%clk 1:06:23]} Nd3 0-1

[Event "2016 South Wales International"]
[Site "Cardiff"]
[Date "2016.07.11"]
[Round "7"]
[Board "9"]
[White "Brown, Thomas"]
[Black "Longson, Sarah N"]
[Result "1/2-1/2"]
[WhiteElo "2107"]
[BlackElo "2117"]
[PlyCount "0"]
[EventDate "2016.07.07"]
[EventRounds "10"]
[EventCountry "WLS"]

1. d4 {[%clk 1:27:12]} d5 {[%clk 1:30:55]} 2. c4 {[%clk 1:27:36]} dxc4
{[%clk 1:31:22]} 3. Nf3 {[%clk 1:24:56]} Nf6 {[%clk 1:31:44]} 4. e3
{[%clk 1:25:15]} e6 {[%clk 1:31:57]} 5. Bxc4 {[%clk 1:25:35]} c5 {[%clk 1:32:20]}
6. O-O {[%clk 1:25:10]} a6 {[%clk 1:32:20]} 7. dxc5 {[%clk 1:22:46]} Bxc5
{[%clk 1:32:16]} 8. Qxd8+ {[%clk 1:23:07]} Kxd8 {[%clk 1:32:43]} 9. Nd4
{[%clk 1:14:34]} Ke7 {[%clk 1:31:14]} 10. Nb3 {[%clk 1:08:33]} Bb6
{[%clk 1:26:33]} 11. Rd1 {[%clk 1:07:41]} Bd7 {[%clk 1:22:51]} 12. Nc3
{[%clk 1:06:54]} Rc8 {[%clk 1:20:21]} 13. Be2 {[%clk 1:06:00]} a5
{[%clk 1:13:33]} 14. Bd2 {[%clk 1:01:32]} a4 {[%clk 1:12:28]} 15. Nd4
{[%clk 1:01:54]} Nc6 {[%clk 1:04:03]} 16. Ncb5 {[%clk 0:50:55]} Nxd4
{[%clk 0:52:32]} 17. Nxd4 {[%clk 0:50:41]} Bxd4 {[%clk 0:49:05]} 18. exd4
{[%clk 0:51:00]} Rc2 {[%clk 0:45:29]} 19. Rab1 {[%clk 0:49:57]} h6
{[%clk 0:33:21]} 20. Bd3 {[%clk 0:45:07]} Rcc8 {[%clk 0:30:33]} 21. Rbc1
{[%clk 0:41:39]} Bc6 {[%clk 0:28:15]} 22. Bb4+ {[%clk 0:36:52]} Kd7
{[%clk 0:27:28]} 23. h3 {[%clk 0:28:21]} Nd5 {[%clk 0:27:38]} 24. Bd2
{[%clk 0:28:36]} g5 {[%clk 0:25:55]} 25. Bc4 {[%clk 0:25:15]} Nf4
{[%clk 0:20:47]} 26. Bxf4 {[%clk 0:25:28]} gxf4 {[%clk 0:21:12]} 27. d5
{[%clk 0:23:07]} Bxd5 {[%clk 0:20:44]} 28. Bxd5 {[%clk 0:23:32]} Rxc1
{[%clk 0:18:31]} 29. Bxe6+ {[%clk 0:23:56]} Kxe6 {[%clk 0:18:56]} 30. Rxc1
{[%clk 0:24:18]} Rd8 {[%clk 0:15:42]} 31. Rc4 {[%clk 0:20:22]} Rd1+
{[%clk 0:15:59]} 32. Kh2 {[%clk 0:20:42]} Rd2 {[%clk 0:14:17]} 33. Rxa4
{[%clk 0:11:16]} Rxb2 {[%clk 0:12:11]} 34. Rxf4 {[%clk 0:11:09]} Rxa2
{[%clk 0:12:17]} 35. f3 {[%clk 0:09:31]} Rb2 {[%clk 0:09:35]} 36. Rh4
{[%clk 0:09:33]} b5 {[%clk 0:09:13]} 37. Rxh6+ {[%clk 0:09:55]} f6
{[%clk 0:08:13]} 38. h4 {[%clk 0:07:41]} b4 {[%clk 0:06:25]} 39. Rh8
{[%clk 0:04:05]} Rc2 {[%clk 0:02:18]} 40. Rb8 {[%clk 0:01:48]} Rc4
{[%clk 0:02:39]} 41. Rb6+ {[%clk 0:00:31]} Kd5 {[%clk 0:19:01]} 42. g4
{[%clk 0:26:52]} Kc5 {[%clk 0:11:22]} 43. Rb8 {[%clk 0:17:54]} Kd4
{[%clk 0:11:30]} 44. h5 {[%clk 0:14:45]} Kc3 {[%clk 0:11:44]} 45. h6
{[%clk 0:15:00]} Rc7 {[%clk 0:10:25]} 46. f4 {[%clk 0:15:21]} b3 {[%clk 0:07:05]}
47. g5 {[%clk 0:14:29]} fxg5 {[%clk 0:06:27]} 48. fxg5 {[%clk 0:14:55]} Rc4
{[%clk 0:02:03]} 49. Kg3 {[%clk 0:14:22]} Rc7 {[%clk 0:01:25]} 50. Kg4
{[%clk 0:14:22]} b2 {[%clk 0:01:21]} 51. g6 {[%clk 0:12:35]} Rc4+
{[%clk 0:01:33]} 52. Kg5 {[%clk 0:08:14]} Rb4 {[%clk 0:01:54]} 53. Rxb4
{[%clk 0:08:28]} Kxb4 {[%clk 0:02:20]} 54. h7 {[%clk 0:08:40]} b1=Q
{[%clk 0:02:43]} 55. h8=Q {[%clk 0:08:47]} Qc1+ {[%clk 0:02:27]} 56. Kf5
{[%clk 0:06:26]} 1/2-1/2